Jakou přípravu mládeže na povolání?

Analýza súčasného stavu v poľnohospodárskom a potravinárskom učňovskom školstve. Navrhované alternatívne riešenie prípravy mládeže na povolanie v poľnohospodárstve a potravinárstve. Novokoncipované monotypné a vetvené učebné obory.

Guardado en:
Detalles Bibliográficos
Autor principal: Krýzová, D.
Formato: Capítulo de libro
Lenguaje:checo
Materias:
Etiquetas: Agregar Etiqueta
Sin Etiquetas, Sea el primero en etiquetar este registro!

MARC

LEADER 00000naa a2200000 4500
001 r006704
005 20221125075821.0
041 0 |a cze 
044 |a [CS] 
245 1 0 |a Jakou přípravu mládeže na povolání?  |c D. Krýzová 
520 |a Analýza súčasného stavu v poľnohospodárskom a potravinárskom učňovskom školstve. Navrhované alternatívne riešenie prípravy mládeže na povolanie v poľnohospodárstve a potravinárstve. Novokoncipované monotypné a vetvené učebné obory. 
610 2 0 |a poľnohospodárstvo 
610 2 0 |a školy učňovské 
610 2 0 |a Čechy 
610 2 0 |a odbory učebné 
610 2 0 |a príprava odborná 
610 2 0 |a mládež 
100 1 |a Krýzová, D.